| 000 | | | 03997nmc2a22000003x 450 |
| 001 | | | 525cdf35-3d4f-4e6c-be2b-47bc5051dd0e |
| 005 | | | 20181128193437.0 |
| 100 | ## | $a | 20170111l18251832k l0rusy0189 ca |
| 101 | 0# | $a | rus |
| 102 | ## | $a | RU |
| 200 | 1# | $a | Дело о выдаче свидетельства сыну живописца Отто, Карлу |
| | $j | декабрь 1825 г. - 16 февраля 1832 г. |
| 251 | ## | $c | Дело |
| 300 | ## | $a | Дело |
| 300 | ## | $a | Ориг. заголовок дела: Дело по прошению сына живописца Карла Отто о выдаче ему о звании свидетельства. декабрь 1825 г. - 16 февраля 1832 г |
| 801 | #0 | $a | RU |
| | $b | РГИА |
| | $c | 20170111 |
| | $g | RCR |
| 801 | #1 | $a | RU |
| | $b | ГлавНИВЦ |
| | $c | 20170111 |
| | $2 | rusmarc |
| 801 | #2 | $a | RU |
| | $b | ПБ им. Б.Н. Ельцина |
| | $c | 20181128 |
| | $g | RCR |
| | $2 | rusmarc |
| 850 | ## | $a | РГИА |
| 852 | ## | $a | РГИА |
| | $e | Федеральное казенное учреждение "Российский государственный исторический архив" (РГИА) |
| | $j | 2770 |
| 937 | ## | $h | РГИА |
| | $d | 12238512 |
| | $a | ASBIBLIO_SCAN |
| 462 | #0 | $1 | 001dd3991dc-24e1-42ec-8838-ca4255420416 |
| | $1 | 2001 |
| | $a | 1746-1850 гг. |
| | $1 | 251 |
| | $c | Опись |
| | $1 | 852 |
| | $j | 1 |
| 461 | #0 | $1 | 0019264ebf8-de62-4f1a-9eb4-9f22098dbbd5 |
| | $1 | 2001 |
| | $a | Дирекция императорских театров МИДв |
| | $1 | 251 |
| | $c | Фонд |
| | $1 | 852 |
| | $j | 497 |
| 215 | ## | $a | 12 л. |
| | $d | 36,5х26 см |
| 371 | ## | $a | Документ не является опубликованным и широко распространяемым |
| 105 | ## | $a | y### |
| 122 | 2# | $a | d |
| 517 | 1# | $a | Дело по прошению сына живописца Карла Отто о выдаче ему о звании свидетельства. декабрь 1825 г. - 16 февраля 1832 г |
| 035 | ## | $a | 525cdf35-3d4f-4e6c-be2b-47bc5051dd0e |
| 856 | ## | $u | http://readingroom.main.prlib.ru/item.aspx?id_node=n121099270&mode=full |